| 000 | 00564nam a2200181Ia 4500 | ||
|---|---|---|---|
| 003 | GCL | ||
| 008 | 140319s9999 xx 000 0 eng d | ||
| 040 |
_aGCL / _cGCL |
||
| 082 | 0 | 4 |
_aCC _b962.02 _bL T |
| 100 | 1 | _aLEVANONI, AMALIA | |
| 245 | 1 | 0 |
_aA TURNING POINT IN MAMLUK HISTORY : THE THIRD REIGN OF AL NASIR MUHAMMAD IBN QALAWUN / _cLEVANONI, AMALIA |
| 260 |
_a[S.N] : _bE. J. BRILL ، _c1995 |
||
| 300 | _a221 P P | ||
| 650 | 0 | 4 | _aEGYPT - HISTORY 1250 - 1517 |
| 650 | 0 | 4 | _aNASIR MUHAMMAD IBN QALAWUN |
| 650 | 0 | 4 | _aSULTAN OF EGYPT AND SYRIA |
| 942 |
_2ddc _cBK |
||
| 999 |
_c12330 _d12330 |
||